000 00711cab a2200217 4500
001 ABS51786
008 090401t1994 xxu||||| |||| 00| 0 eng d
035 _a(Sirsi) u43978
041 _aeng
100 _aBarnett, A.
245 _aMeasuring up to change: metrification
260 _c1994
350 _a0
490 _aEstates Gazette
_v(9447) 26 November 1994, 60-61(2)
520 _aLooks at implications of the RICS recommendation to use metric measurements, in line with the EC Units of Measurement Directive which comes into force 1 January 1995.
650 _aMETRICATION
650 _aUNITS OF MEASUREMENT DIRECTIVE
690 _aMAPPING AND MEASUREMENT
942 _n0
948 _c04/03/1997
999 _c28036
_d28036